| Поле | Название | Значение |
| |
Тип записи |
a |
| |
Библиографический уровень |
c |
| 001 |
Контрольный номер |
c5ebd1b829994c239f720cc4fa834cad |
| 005 |
Дата корректировки |
20231215113318.8 |
| 010 |
Индекс ISBN |
__ |
| a |
ISBN |
978-5-699-89247-1 |
| b |
Уточнения |
в пер. |
| 9 |
Тираж |
5000 экз. |
| d |
Цена |
100-00 |
| 100 |
Данные общей обработки |
__ |
| a |
Данные общей обработки |
20230414d2016 m y0rusy028902 ca |
| 101 |
Язык документа |
0_ |
| a |
Язык текста |
rus |
| 102 |
Страна публикации |
__ |
| a |
Страна публикации |
RU |
| 105 |
Кодированные данные (монография) |
__ |
| a |
Кодированные данные (монография) |
y z 000gy |
| 181 |
Поле кодированных данных: вид содержания |
_0 |
| a |
Код вида содержания (ISBD) |
i |
| 182 |
Поле кодированных данных: тип средства |
_0 |
| a |
Код типа средства (ISBD) |
n |
| 200 |
Заглавие и сведения об ответственности |
1_ |
| a |
Заглавие |
Сто стихотворений о природе |
| f |
Первые сведения об ответственности |
ответственный редактор Н. Розман |
| 203 |
Вид содержания и тип средства |
__ |
| a |
Вид содержания |
Текст |
| c |
Тип средства |
непосредственный |
| 210 |
Выходные данные |
1_ |
| a |
Место издания |
Москва |
| c |
Издательство |
Э |
| d |
Дата издания |
2016 |
| 215 |
Физическое описание |
__ |
| a |
Объем |
157, [1] с. |
| d |
Формат |
17 см |
| 225 |
Серия |
2_ |
| a |
Серия |
100 стихотворений |
| 330 |
Аннотация |
__ |
| a |
Аннотация |
Русская природа - величественная и спокойная была источником вдохновения и философских раздумий многих поэтов, и по-прежнему вызывает восхищение и восторг. В книгу включены самые лучшие стихотворения русских поэтов о родной природе. |
| 333 |
Примечание о целевом назначении |
__ |
| a |
Примечание о целевом назначении |
16+. Для детей старше 16 лет |
| 464 |
Аналитический уровень |
_0 |
| 1 |
|
2001 |
| a |
|
Приход весны |
| f |
|
Василий Жуковский |
| 1 |
|
700 1 |
| a |
|
Жуковский |
| b |
|
В. А. |
| g |
|
Василий Андреевич |
| 4 |
|
070 |
| 464 |
Аналитический уровень |
_0 |
| 1 |
|
2001 |
| a |
|
Весна |
| f |
|
Иван Плещеев |
| 1 |
|
700 1 |
| a |
|
Плещеев |
| b |
|
И. В. |
| g |
|
Иван Васильевич |
| 4 |
|
070 |
| 464 |
Аналитический уровень |
_0 |
| 1 |
|
2001 |
| a |
|
Утро |
| f |
|
Иван Никитин |
| 1 |
|
700 1 |
| a |
|
Никитин |
| b |
|
И. С. |
| g |
|
Иван Саввич |
| 4 |
|
070 |
| 464 |
Аналитический уровень |
_0 |
| 1 |
|
2001 |
| a |
|
Ласточки |
| f |
|
Аполлон Майков |
| 1 |
|
700 1 |
| a |
|
Майков |
| b |
|
А. Н. |
| g |
|
Аполлон Николаевич |
| 4 |
|
070 |
| 464 |
Аналитический уровень |
_0 |
| 1 |
|
2001 |
| a |
|
Зима |
| f |
|
Иван Суриков |
| 1 |
|
700 1 |
| a |
|
Суриков |
| b |
|
И. З. |
| g |
|
Иван Захарович |
| 4 |
|
070 |
| 464 |
Аналитический уровень |
_0 |
| 1 |
|
2001 |
| a |
|
В степи |
| f |
|
Алексей Кольцов |
| 1 |
|
700 1 |
| a |
|
Кольцов |
| b |
|
А. В. |
| g |
|
Алексей Васильевич |
| 4 |
|
070 |
| 464 |
Аналитический уровень |
_0 |
| 1 |
|
2001 |
| a |
|
По горам две хмурых тучи |
| f |
|
Яков Полонский |
| 1 |
|
700 1 |
| a |
|
Полонский |
| b |
|
Я. П. |
| g |
|
Яков Петрович |
| 4 |
|
070 |
| 464 |
Аналитический уровень |
_0 |
| 1 |
|
2001 |
| a |
|
Зимняя дорога |
| f |
|
Александр Пушкин |
| 1 |
|
700 1 |
| a |
|
Пушкин |
| b |
|
А. С. |
| g |
|
Александр Сергеевич |
| 4 |
|
070 |
| 464 |
Аналитический уровень |
_0 |
| 1 |
|
2001 |
| a |
|
Гроза |
| f |
|
Михаил Лермонтов |
| 1 |
|
700 1 |
| a |
|
Лермонтов |
| b |
|
М. Ю. |
| g |
|
Михаил Юрьевич |
| 4 |
|
070 |
| 464 |
Аналитический уровень |
_0 |
| 1 |
|
2001 |
| a |
|
Весенние воды |
| f |
|
Федор Тютчев |
| 1 |
|
700 1 |
| a |
|
Тютчев |
| b |
|
Ф. И. |
| g |
|
Федор Иванович |
| 4 |
|
070 |
| 464 |
Аналитический уровень |
_0 |
| 1 |
|
2001 |
| a |
|
Ивы и березы |
| f |
|
Афанасий Фет |
| 1 |
|
700 1 |
| a |
|
Фет |
| b |
|
А. А. |
| g |
|
Афанасий Афанасьевич |
| 4 |
|
070 |
| 464 |
Аналитический уровень |
_0 |
| 1 |
|
2001 |
| a |
|
Весна, весна! как воздух чист! |
| f |
|
Евгений Баратынский |
| 1 |
|
700 1 |
| a |
|
Баратынский |
| b |
|
Е. А. |
| g |
|
Евгений Абрамович |
| 4 |
|
070 |
| 464 |
Аналитический уровень |
_0 |
| 1 |
|
2001 |
| a |
|
Где гнутся над омутом лозы |
| f |
|
Алексей К. Толстой |
| 1 |
|
700 1 |
| a |
|
Толстой |
| b |
|
А. К. |
| g |
|
Алексей Константинович |
| 4 |
|
070 |
| 464 |
Аналитический уровень |
_0 |
| 1 |
|
2001 |
| a |
|
Снег |
| f |
|
Иннокентий Анненский |
| 1 |
|
700 1 |
| a |
|
Анненский |
| b |
|
И. Ф. |
| g |
|
Иннокентий Федорович |
| 4 |
|
070 |
| 464 |
Аналитический уровень |
_0 |
| 1 |
|
2001 |
| a |
|
Лиловато-розовый закат |
| f |
|
Федор Сологуб |
| 1 |
|
700 1 |
| a |
|
Сологуб |
| b |
|
Ф. К. |
| g |
|
Федор Кузьмич |
| 4 |
|
070 |
| 464 |
Аналитический уровень |
_0 |
| 1 |
|
2001 |
| a |
|
Высоко полный месяц светит |
| f |
|
Иван Бунин |
| 1 |
|
700 1 |
| a |
|
Бунин |
| b |
|
И. А. |
| g |
|
Иван Алексеевич |
| 4 |
|
070 |
| 464 |
Аналитический уровень |
_0 |
| 1 |
|
2001 |
| a |
|
Родное |
| f |
|
Дмитрий Мережковский |
| 1 |
|
700 1 |
| a |
|
Мережковский |
| b |
|
Д. С. |
| g |
|
Дмитрий Сергеевич |
| 4 |
|
070 |
| 464 |
Аналитический уровень |
_0 |
| 1 |
|
2001 |
| a |
|
Летний вечер |
| f |
|
Александр Блок |
| 1 |
|
700 1 |
| a |
|
Блок |
| b |
|
А. А. |
| g |
|
Александр Александрович |
| 4 |
|
070 |
| 464 |
Аналитический уровень |
_0 |
| 1 |
|
2001 |
| a |
|
Пороша |
| f |
|
Сергей Есенин |
| 1 |
|
700 1 |
| a |
|
Есенин |
| b |
|
С. А. |
| g |
|
Сергей Александрович |
| 4 |
|
070 |
| 517 |
Другие варианты заглавия |
1_ |
| a |
Другие варианты заглавия |
Сто стихотворений |
| 517 |
Другие варианты заглавия |
1_ |
| a |
Другие варианты заглавия |
100 стихотворений о природе |
| 606 |
Тематические рубрики |
__ |
| 2 |
Код системы |
nlr_sh |
| a |
Основная рубрика |
Художественная литература |
| 606 |
Тематические рубрики |
__ |
| 2 |
Код системы |
nlr_sh |
| a |
Основная рубрика |
Русская литература XIX в. (произведения) |
| 606 |
Тематические рубрики |
__ |
| 2 |
Код системы |
nlr_sh |
| a |
Основная рубрика |
Русская литература XX в. (произведения) |
| 610 |
Ключевые слова |
0_ |
| a |
Ключевые слова |
русская литература |
| 610 |
Ключевые слова |
0_ |
| a |
Ключевые слова |
русская классика |
| 610 |
Ключевые слова |
0_ |
| a |
Ключевые слова |
русская классическая литература |
| 610 |
Ключевые слова |
0_ |
| a |
Ключевые слова |
поэзия |
| 610 |
Ключевые слова |
0_ |
| a |
Ключевые слова |
русская поэзия |
| 610 |
Ключевые слова |
0_ |
| a |
Ключевые слова |
лирика |
| 610 |
Ключевые слова |
0_ |
| a |
Ключевые слова |
стихотворения |
| 610 |
Ключевые слова |
0_ |
| a |
Ключевые слова |
тема природы |
| 610 |
Ключевые слова |
0_ |
| a |
Ключевые слова |
природа |
| 610 |
Ключевые слова |
0_ |
| a |
Ключевые слова |
тема русской природы |
| 610 |
Ключевые слова |
0_ |
| a |
Ключевые слова |
русская природа |
| 610 |
Ключевые слова |
0_ |
| a |
Ключевые слова |
природа России |
| 610 |
Ключевые слова |
0_ |
| a |
Ключевые слова |
стихи о природе |
| 686 |
Индексы других классификаций |
__ |
| 2 |
Код системы |
rubbks |
| a |
Классификационный индекс |
84(2=411.2)-5 |
| 702 |
Вторичная интеллектуальная ответственность |
_1 |
| a |
Фамилия |
Розман |
| b |
Имя |
Н. |
| 4 |
Код отношения |
340 |
| 801 |
Источник записи |
_0 |
| a |
Страна |
RU |
| b |
Организация |
Муниципальное бюджетное учреждение культуры "Централизованная библиотечная система" г. Сургут (Центральная городская библиотека им. А. С. Пушкина) |
| g |
Правила каталогизации |
PSBO |
| c |
Дата составления |
20230414 |
| 801 |
Источник записи |
_1 |
| a |
Страна |
RU |
| b |
Организация |
Муниципальное бюджетное учреждение культуры "Централизованная библиотечная система" г. Сургут (Центральная городская библиотека им. А. С. Пушкина) |
| g |
Правила каталогизации |
PSBO |
| c |
Дата составления |
20230414 |
| 852 |
Данные о местонахождении |
__ |
| i |
Авторский знак |
С 81 |
| j |
Шифр хранения |
84(2=411.2)-5 |
| 900 |
Макрообъекты |
__ |
| a |
Макрообъекты |
Сто стихотворений о природе, 2016 |
| 901 |
Тип документа |
__ |
| t |
Тип документа |
x |
| a |
Ответственный |
КиК/Обаева |
| 903 |
Характеристики (МАРС) |
__ |
| c |
Наименование библиотеки (МАРС) |
Муниципальное бюджетное учреждение культуры "Централизованная библиотечная система" г. Сургут (Центральная городская библиотека им. А. С. Пушкина) |
| a |
Дата передачи |
20230414 |
| 990 |
Данные о заказе (DOS) |
__ |
| j |
Количество экземпляров (DOS) |
1 |
| t |
N записи в КСУ для И/У (DOS) |
202305 |